| 000 | 00458nam a2200169Ia 4500 | ||
|---|---|---|---|
| 999 |
_c5628 _d5628 |
||
| 008 | 200103s 1982 ||||xx |||||||||||||| ||und|| | ||
| 082 |
_a623.82 _bEYR |
||
| 100 | _aEyres, D. J. | ||
| 245 | 0 | _aShip construction | |
| 250 | _a2nd ed. | ||
| 260 |
_bWilliam Heinemann Ltd _c1982 _aLondon |
||
| 300 | _ax, 339p. | ||
| 650 | _aIntroduction to shipbuilding | ||
| 650 | _aMaterials and strength of ships | ||
| 650 | _aRiveting and welding | ||
| 942 | _cBK | ||